000 00439nam a2200181Ia 4500
001 786
005 20260306140543.0
008 260306t2006||||xx |||||||||||||| ||spa||
041 _aESP
082 _a160.03
_bJ87
100 _aPascual, Julián Iranzo
_eAUT
245 0 _aLógica simbólica para informáticos
260 _c2006
300 _axxii, 299 páginas :
_c23 cm.
650 _aGEN
654 _aCHU
942 _cLIB
_dJUS
_fJUS
_2ddc
_n
999 _c786
_d786